| 000 | 00421nam a2200181Ia 4500 | ||
|---|---|---|---|
| 001 | 18118 | ||
| 005 | 20260306171607.0 | ||
| 008 | 260306s9999||||xx |||||||||||||| ||und|| | ||
| 041 | _aESP | ||
| 082 |
_a658.4012 _bD31 2013 |
||
| 100 |
_aDavid, Fred R. _eAUT |
||
| 245 | 0 | _aConceptos de administración estratégica | |
| 260 | _c2013 | ||
| 300 |
_a _c |
||
| 650 | _aGEN | ||
| 654 | _aCAN | ||
| 942 |
_cLIB _dJUS _fJUS _2ddc _n |
||
| 999 |
_c18118 _d18118 |
||